Statistics for Austin, Texas Trivia Quiz

Click here to take the quiz!

General Stats

  • This quiz has been taken 165 times
    (146 since last reset)
  • The average score is 12 of 30

Answer Stats

HintAnswer% Correct
Lives under the Congress Ave bridgeBats
86%
Most popular sports team (College team)Texas Longhorns
84%
River that runs through the center of the cityColorado River
79%
Namesake of the city, and "Father of Texas"Stephen F. Austin
76%
Large Park on the south side of this riverZilker Park
75%
Considered the "what" capital of the worldLive Music
72%
2 Largest Music FestivalsAustin City Limits (ACL)
65%
2 Largest Music FestivalsSouth by Southwest (SXSW)
61%
Large manmade lake on the western edge of the cityLake Travis
60%
GroceryWhole Foods Market
53%
TechnologyDell
52%
People stand in line on average for 3-5 hours to eat hereFranklin Barbecue
48%
Home to the only Formula 1 race in the US on the southwest side of the cityCircuit of the Americas
47%
Austin is one of the few cities to have population growth during this periodThe Great Depression
45%
This football stadium holds more than 101,000 fans, and is the 9th largest in the worldDarrell K. Royal Memorial Stadium
44%
Name of the city before becoming the state capitalWaterloo
41%
Name of the only nude beach in TexasHippie Hollow
35%
BaseballExpress
34%
HockeyStars
34%
Matthew McConaugheyDazed and Confused
33%
BasketballSpurs
31%
Jesse EisenbergZombieland
12%
Live music venue where Janis Joplin got her startThreadgills
9%
Tom GreenRoad Trip
8%
Only professional sports team (as of 2018)Austin Bold FC
7%
Tommy Lee JonesMan of the House
4%
TV show starring Simon Baker and Robin Tunney set in AustinThe Mentalist
4%
Kurt RussellDeath Proof
3%
Italian CuisineCarinos Italian
2%
IT ManagmentSolarWinds
1%

Score Distribution

Percentile by Number Answered

Percent of People with Each Score

Your Score History

You have not taken this quiz since the last reset